000 00691cab a2200229 4500
001 WB3020-02
008 090401t1994 xxu||||| |||| 00| 0 eng d
035 _a(Sirsi) u58206
041 _aeng
245 _aJobs landslide
260 _c1994
350 _a0
490 _aScotsman
_v24 May 1994, 21(1)
520 _aAround 700 jobs in the Scottish building industry are at risk as contractors Charles Gray (Builders) Ltd call in the receiver.
650 _aCHARLES GRAY (BUILDERS) LTD
650 _aCONTRACTORS
650 _aINTERVENTION BOARD EXECUTIVE AGENCY
650 _aSCOTLAND
690 _aBUILT ENVIRONMENT-BUILDING CONTRACT FORMS
942 _n0
948 _c04/03/1997
999 _c35513
_d35513